[Event "SLO-chT1 East"]
[Site "Sentjur"]
[Date "2013.10.27"]
[Round "9"]
[White "Djurkovic, Maks"]
[Black "Radosavljevic, Robi"]
[Result "1/2-1/2"]
[WhiteElo "2124"]
[BlackElo "2025"]
[PlyCount "107"]
[EventDate "2013.10.17"]
[EventType "team-tourn"]
[EventRounds "9"]
[EventCountry "SLO"]
[SourceTitle "EXT 2015"]
[Source "ChessBase"]
[SourceDate "2014.11.20"]
[SourceVersion "1"]
[SourceVersionDate "2014.11.20"]
[SourceQuality "1"]

1. d4 Nf6 2. g3 e6 3. Bg2 d5 4. Nf3 Be7 5. c4 dxc4 6. Qa4+ Bd7 7. Qxc4 Bc6 8. Nc3 Nbd7 9. a4 Nb6 10. Qb3 a5 11. 0-0 0-0 12. Re1 Bxf3 13. Bxf3 Qxd4 14. Bxb7 Rab8 15. Bf3 Nbd5 16. Qd1 Qc5 17. Ra3 Rfd8 18. Nxd5 Nxd5 19. Rd3 Nb4 20. Rxd8+ Rxd8 21. Qb3 Nc2 22. Rf1 Nd4 23. Qc3 Qxc3 24. bxc3 Nxf3+ 25. exf3 Rd3 26. Bb2 Rd2 27. Bc1 Rd3 28. Bf4 Rxc3 29. Rb1 f6 30. Rb5 Bb4 31. Bd2 Rc4 32. Bxb4 axb4 33. a5 Rc1+ 34. Kg2 Ra1 35. Rb8+ Kf7 36. Rc8 Rxa5 37. Rxc7+ Kg6 38. Rb7 Ra4 39. g4 e5 40. h4 h5 41. gxh5+ Kxh5 42. Rxg7 Kxh4 43. Rb7 Kg5 44. Kg3 Kf5 45. Rb6 Kg5 46. Rb5 Kf5 47. Rb6 Ra1 48. Rxb4 Rg1+ 49. Kh2 Rg7 50. Kh3 Rd7 51. Kg3 Rd4 52. Rb8 Rd7 53. Rg8 Rd3 54. Re8 1/2-1/2

[Event "EU-chT Seniors"]
[Site "Rogaska Slatina"]
[Date "2012.03.27"]
[Round "1.4"]
[White "Zivkovic, Ljubo"]
[Black "Djurkovic, Maks"]
[Result "1/2-1/2"]
[WhiteElo "2279"]
[BlackElo "2130"]
[PlyCount "93"]
[EventDate "2012.03.27"]
[EventType "team-swiss"]
[EventRounds "9"]
[EventCountry "SLO"]
[SourceTitle "CBM 147 Extra"]
[Source "ChessBase"]
[SourceDate "2012.04.24"]
[SourceVersion "1"]
[SourceVersionDate "2012.04.24"]
[SourceQuality "1"]
[WhiteTeam "Montenegro (Seniors)"]
[BlackTeam "Celje Sentjur (Seniors)"]
[WhiteTeamCountry "MNE"]
[BlackTeamCountry "SLO"]

1. c4 c5 2. Nc3 Nc6 3. g3 g6 4. Bg2 Bg7 5. e3 e6 6. Nge2 Nge7 7. d4 cxd4 8. Nxd4 a6 9. 0-0 0-0 10. Nb3 d6 11. Qe2 Qc7 12. Rd1 b6 13. e4 Bb7 14. Be3 Ne5 15. Nd2 Rac8 16. Rac1 Bc6 17. f4 Nd7 18. b4 Qb8 19. Nb3 Rcd8 20. Qf2 Nc8 21. Nd4 Bb7 22. h3 Qa8 23. Kh2 Rfe8 24. Nde2 f5 25. exf5 Bxg2 26. Qxg2 Qxg2+ 27. Kxg2 gxf5 28. Nd4 Bxd4 29. Bxd4 Kf7 30. Bf2 Rg8 31. Kf3 Ke7 32. Re1 Kf7 33. Rcd1 Rg6 34. Re2 Rdg8 35. Red2 Ke7 36. Ne2 e5 37. c5 bxc5 38. bxc5 e4+ 39. Kg2 Nxc5 40. Bxc5 dxc5 41. Rd7+ Ke8 42. Rd8+ Kf7 43. Rxg8 Rxg8 44. Rd5 Ne7 45. Rxc5 Rb8 46. Nd4 Rb2+ 47. Kf1 1/2-1/2

[Event "SLO-chT1 Ost"]
[Site "Sentjur"]
[Date "2010.11.20"]
[Round "7"]
[White "Spalir, Branko"]
[Black "Djurkovic, Maks"]
[Result "0-1"]
[WhiteElo "2129"]
[BlackElo "2161"]
[PlyCount "48"]
[EventDate "2010.11.04"]
[EventType "team-tourn"]
[EventRounds "9"]
[EventCountry "SLO"]
[SourceTitle "EXT 2022"]
[Source "ChessBase"]
[SourceDate "2021.10.06"]
[SourceVersion "1"]
[SourceVersionDate "2021.10.06"]
[SourceQuality "1"]
[WhiteTeam "Slovenj Gradec"]
[BlackTeam "Celjski"]
[WhiteTeamCountry "SLO"]
[BlackTeamCountry "SLO"]

1. e4 d6 2. g3 f5 3. exf5 Bxf5 4. Qf3 Qc8 5. Bh3 Bxh3 6. Qh5+ g6 7. Qxh3 Nd7 8. Nf3 e5 9. Qe6+ Be7 10. Ng5 Nc5 11. Qf7+ Kd7 12. Nxh7 Ne6 13. Qxg6 Qe8 14. Qf5 Nh6 15. Nf6+ Bxf6 16. Qxf6 Ng4 17. Qf5 Nxh2 18. c3 Qg8 19. Ke2 Rf8 20. Qe4 Nc5 21. Qb4 a5 22. Qb5+ c6 23. Qxa5 Qg4+ 24. Ke1 Nf3+ 0-1

[Event "EU-ch Seniors 09th"]
[Site "Rogaska Slatina"]
[Date "2009.07.27"]
[Round "6"]
[White "Djurkovic, Maks"]
[Black "Krasevec, Viktor"]
[Result "1-0"]
[WhiteElo "2149"]
[BlackElo "2027"]
[PlyCount "51"]
[EventDate "2009.07.22"]
[EventType "swiss"]
[EventRounds "9"]
[EventCountry "SLO"]
[SourceTitle "CBM 131 Extra"]
[Source "ChessBase"]
[SourceDate "2009.09.03"]
[SourceVersion "2"]
[SourceVersionDate "2009.09.16"]
[SourceQuality "1"]

1. d4 Nf6 2. Nf3 d5 3. c4 e6 4. g3 Be7 5. Bg2 0-0 6. 0-0 Nbd7 7. Nc3 dxc4 8. e4 c5 9. d5 exd5 10. exd5 Nb6 11. Ne5 Bd6 12. f4 a6 13. a4 Re8 14. a5 Nbd7 15. Nxc4 Nf8 16. Qd3 Ng6 17. Bd2 Ne7 18. f5 b5 19. axb6 Bb7 20. Bg5 Ng4 21. f6 Ng6 22. Nxd6 Qxd6 23. fxg7 f6 24. Ne4 Qxb6 25. Nxf6+ Nxf6 26. Rxf6 1-0

[Event "EU-ch Seniors 09th"]
[Site "Rogaska Slatina"]
[Date "2009.07.24"]
[Round "3"]
[White "Zachariassen, John"]
[Black "Djurkovic, Maks"]
[Result "0-1"]
[WhiteElo "1968"]
[BlackElo "2149"]
[PlyCount "70"]
[EventDate "2009.07.22"]
[EventType "swiss"]
[EventRounds "9"]
[EventCountry "SLO"]
[SourceTitle "CBM 131 Extra"]
[Source "ChessBase"]
[SourceDate "2009.09.03"]
[SourceVersion "2"]
[SourceVersionDate "2009.09.16"]
[SourceQuality "1"]

1. g3 c5 2. Bg2 Nc6 3. c4 g6 4. Nf3 Bg7 5. Nc3 e6 6. Ne4 d6 7. d3 f5 8. Nc3 Nge7 9. 0-0 0-0 10. Rb1 d5 11. cxd5 exd5 12. Bf4 h6 13. h4 Be6 14. Nb5 Rc8 15. Nd6 Rc7 16. Qc1 Nd4 17. Re1 Rc6 18. Nxb7 Nxf3+ 19. Bxf3 Qb6 20. Bxh6 Qxb7 21. Kg2 Kh7 22. Bf4 Qa6 23. h5 c4 24. Qd2 c3 25. hxg6+ Nxg6 26. Rh1+ Kg8 27. bxc3 Bxc3 28. Qe3 Re8 29. Bh6 Bf6 30. Bh5 d4 31. Qd2 Bd5+ 32. f3 Bf7 33. Rbe1 Qc8 34. Qb4 Rc2 35. Bd2 Qb8 0-1

[Event "Bosnjaci op 14th"]
[Site "Bosnjaci"]
[Date "2009.01.09"]
[Round "9"]
[White "Bobanac, Miro"]
[Black "Djurkovic, Maks"]
[Result "1-0"]
[WhiteElo "2276"]
[BlackElo "2124"]
[PlyCount "117"]
[EventDate "2009.01.03"]
[EventType "swiss"]
[EventRounds "9"]
[EventCountry "CRO"]
[SourceTitle "CBM 128 Extra"]
[Source "ChessBase"]
[SourceDate "2009.03.05"]
[SourceVersion "2"]
[SourceVersionDate "2009.03.25"]
[SourceQuality "1"]

1. b3 b5 2. Bb2 Bb7 3. Nf3 e6 4. g3 Nf6 5. Bg2 Be7 6. 0-0 0-0 7. c4 a6 8. d3 d6 9. Nbd2 Nbd7 10. Rc1 c5 11. e4 Qb6 12. Qe2 Rfe8 13. d4 bxc4 14. Nxc4 Qb5 15. e5 dxe5 16. dxe5 Nd5 17. Nfd2 a5 18. a4 Qa6 19. Qg4 Bc6 20. Ne4 Rab8 21. Ncd6 Rf8 22. Nxc5 Nxc5 23. Rxc5 Rxb3 24. Bc1 Rb4 25. Qh5 Bxd6 26. exd6 Rxa4 27. Qe5 Re8 28. Bb2 f6 29. Qh5 Rd8 30. Rfc1 Be8 31. Qd1 Qxd6 32. Rc8 Qd7 33. R8c5 Qd6 34. Rc8 Qd7 35. Rxd8 Qxd8 36. Rc5 Qd6 37. Rc8 Qd7 38. Ra8 Qc6 39. Rd8 Rb4 40. Ba3 Rb5 41. Bf1 Rb7 42. h4 g6 43. Bg2 Rb5 44. Rd6 Qb7 45. Rxe6 Bf7 46. Rd6 h5 47. Kh2 Kg7 48. Rd8 Qc6 49. Bf8+ Kh7 50. Qd2 g5 51. Be4+ Bg6 52. Bxd5 Qc7 53. hxg5 h4 54. gxf6 hxg3+ 55. Kg2 Rxd5 56. Qh6+ Kg8 57. Qxg6+ Kh8 58. Bd6+ Qxd8 59. Qg7# 1-0

[Event "Bosnjaci op 14th"]
[Site "Bosnjaci"]
[Date "2009.01.04"]
[Round "2"]
[White "Djurkovic, Maks"]
[Black "Tratar, Marko"]
[Result "1-0"]
[WhiteElo "2124"]
[BlackElo "2497"]
[PlyCount "117"]
[EventDate "2009.01.03"]
[EventType "swiss"]
[EventRounds "9"]
[EventCountry "CRO"]
[SourceTitle "CBM 128 Extra"]
[Source "ChessBase"]
[SourceDate "2009.03.05"]
[SourceVersion "2"]
[SourceVersionDate "2009.03.25"]
[SourceQuality "1"]

1. d4 d6 2. e4 Nf6 3. Nc3 e5 4. Nge2 Be7 5. h3 c6 6. a4 a5 7. g3 Na6 8. Bg2 Nb4 9. 0-0 0-0 10. Be3 d5 11. dxe5 Nxe4 12. Nxe4 dxe4 13. Bxe4 Bxh3 14. Nf4 Qxd1 15. Rfxd1 Bc8 16. Bb6 g5 17. Ng2 Re8 18. Ne3 Bf8 19. Rd8 Rxd8 20. Bxd8 h6 21. Rd1 Be6 22. Kg2 Bc5 23. Nf5 Bxf5 24. Bxf5 Nd5 25. Bf6 Re8 26. Kf3 h5 27. Bxg5 Rxe5 28. g4 hxg4+ 29. Kxg4 Bxf2 30. Bc8 Be3 31. Bh4 Bc5 32. Re1 Ne3+ 33. Kf3 Rh5 34. Bf6 Nd5 35. Re8+ Kh7 36. Be5 f6 37. Bg3 b6 38. Bd7 Nb4 39. Kg4 Rg5+ 40. Kh4 Rd5 41. Be6 Rd1 42. c3 Nd3 43. Bf5+ Kg7 44. Rc8 Nxb2 45. Rc7+ Kf8 46. Rxc6 Nxa4 47. Rxf6+ Ke8 48. Re6+ Kd8 49. Be5 Nb2 50. Rc6 Nc4 51. Rc8+ Ke7 52. Rc7+ Kd8 53. Rc8+ Ke7 54. Rc7+ Ke8 55. Bf6 Rh1+ 56. Kg5 Rg1+ 57. Kh6 Nd6 58. Bg6+ Kf8 59. Bg7+ 1-0

[Event "Ptuj op"]
[Site "Ptuj"]
[Date "2008.08.15"]
[Round "8"]
[White "Biti, Ozren"]
[Black "Djurkovic, Maks"]
[Result "1-0"]
[WhiteElo "2384"]
[BlackElo "2108"]
[PlyCount "43"]
[EventDate "2008.08.09"]
[EventType "swiss"]
[EventRounds "9"]
[EventCountry "SLO"]
[SourceTitle "CBM 125 Extra"]
[Source "ChessBase"]
[SourceDate "2008.09.01"]
[SourceVersion "1"]
[SourceVersionDate "2008.09.01"]
[SourceQuality "1"]

1. e4 d5 2. exd5 Qxd5 3. Nc3 Qd6 4. d4 Nf6 5. Nf3 a6 6. Bd3 b5 7. a4 b4 8. Ne4 Nxe4 9. Bxe4 c6 10. Ne5 Bb7 11. 0-0 g6 12. Bf4 Qf6 13. Nd3 Qxd4 14. Qf3 Bg7 15. c3 bxc3 16. bxc3 Qc4 17. Rab1 f5 18. Bxf5 gxf5 19. Rxb7 0-0 20. Rxe7 Bf6 21. Qg3+ Kh8 22. Be5 1-0

[Event "SLO-ch qual"]
[Site "Sentjur"]
[Date "2008.07.12"]
[Round "7"]
[White "Jeran, Bostjan"]
[Black "Djurkovic, Maks"]
[Result "1-0"]
[WhiteElo "2193"]
[BlackElo "2108"]
[PlyCount "95"]
[EventDate "2008.07.03"]
[EventType "swiss"]
[EventRounds "9"]
[EventCountry "SLO"]
[SourceTitle "EXT 2010"]
[Source "ChessBase"]
[SourceDate "2010.11.25"]
[SourceVersion "1"]
[SourceVersionDate "2010.11.25"]
[SourceQuality "1"]

1. Nf3 b5 2. g3 Bb7 3. Bg2 e6 4. 0-0 Nf6 5. d3 Be7 6. e4 d6 7. Nbd2 Nbd7 8. a4 a6 9. Re1 0-0 10. b3 c5 11. Bb2 e5 12. Qe2 Qb6 13. Bh3 Bc6 14. axb5 axb5 15. Nh4 g6 16. Ng2 Nh5 17. Qe3 Rfe8 18. f4 f6 19. Qf2 Ng7 20. Ne3 Qb7 21. Nd5 Bxd5 22. exd5 Nb6 23. Bg2 b4 24. Rf1 Rf8 25. Ne4 Nf5 26. Nxc5 dxc5 27. d6 Nd5 28. dxe7 Nfxe7 29. Rxa8 Qxa8 30. Qxc5 Rc8 31. Qxe7 Nxe7 32. Bxa8 Rxa8 33. fxe5 fxe5 34. Bxe5 Ra2 35. Rf2 Nf5 36. Re2 Kf7 37. Kf2 h5 38. h3 Ke6 39. g4 hxg4 40. hxg4 Ne7 41. Bc3+ Kd7 42. Bxb4 Nd5 43. Be1 Nf4 44. Rd2 Ke6 45. Kf3 g5 46. Bg3 Nd5 47. Re2+ Kd7 48. c4 1-0

[Event "SLO-ch qual"]
[Site "Sentjur"]
[Date "2008.07.06"]
[Round "6"]
[White "Srebrnic, Vojko"]
[Black "Djurkovic, Maks"]
[Result "1/2-1/2"]
[WhiteElo "2214"]
[BlackElo "2108"]
[PlyCount "134"]
[EventDate "2008.07.03"]
[EventType "swiss"]
[EventRounds "9"]
[EventCountry "SLO"]
[SourceTitle "EXT 2010"]
[Source "ChessBase"]
[SourceDate "2010.11.25"]
[SourceVersion "1"]
[SourceVersionDate "2010.11.25"]
[SourceQuality "1"]

1. c4 c5 2. g3 d5 3. cxd5 Qxd5 4. Nf3 Bf5 5. Nc3 Qd7 6. Bg2 Nc6 7. d3 e6 8. 0-0 h6 9. Be3 Rd8 10. Qa4 b6 11. Nh4 Nd4 12. Qxd7+ Rxd7 13. Nxf5 exf5 14. Bxd4 cxd4 15. Bc6 dxc3 16. bxc3 Kd8 17. Bxd7 Kxd7 18. a4 Bd6 19. Rfd1 Ne7 20. a5 Bc7 21. axb6 axb6 22. Ra7 Nc6 23. Ra4 Re8 24. Kf1 g6 25. e3 Re5 26. Ke2 Rc5 27. c4 Re5 28. Kd2 Re8 29. d4 h5 30. Kd3 h4 31. Rda1 hxg3 32. hxg3 Rh8 33. Ke2 Rh2 34. Kf1 Rh8 35. Kg2 Rb8 36. Kf3 b5 37. cxb5 Rxb5 38. Rc4 Bd6 39. Ra6 Ne7 40. Rca4 Nd5 41. R6a5 Rxa5 42. Rxa5 Ke6 43. g4 Nc3 44. gxf5+ gxf5 45. Ra8 Ne4 46. Ke2 f4 47. exf4 Nc3+ 48. Kd3 Nd5 49. Ra5 Nxf4+ 50. Ke4 Ng6 51. d5+ Ke7 52. Ra7+ Kf6 53. Rd7 Bh2 54. Rd8 Ke7 55. Ra8 Nf8 56. Kf5 Bd6 57. Ra1 Bb4 58. Ra4 Bc5 59. f4 Nd7 60. Ra6 Bd6 61. Kg5 Bc5 62. Rc6 Bd6 63. Rc1 Bc5 64. Rb1 Kd6 65. Rb7 Bd4 66. Kf5 f6 67. Rb5 Nc5 1/2-1/2

[Event "Sentjur Ipavec Memorial 8th"]
[Site "Sentjur"]
[Date "2007.12.09"]
[Round "5"]
[White "Cojhter, Karl"]
[Black "Djurkovic, Maks"]
[Result "1/2-1/2"]
[WhiteElo "2094"]
[BlackElo "2183"]
[PlyCount "75"]
[EventDate "2007.12.08"]
[EventType "swiss"]
[EventRounds "9"]
[EventCountry "SLO"]
[SourceTitle "EXT 2010"]
[Source "ChessBase"]
[SourceDate "2010.11.25"]
[SourceVersion "1"]
[SourceVersionDate "2010.11.25"]
[SourceQuality "1"]

1. e4 d6 2. d4 e5 3. dxe5 dxe5 4. Qxd8+ Kxd8 5. Nf3 f6 6. Be3 Be6 7. Nbd2 Bb4 8. c3 Bd6 9. Bc4 Ke7 10. 0-0-0 Nd7 11. Nh4 g6 12. g3 Bc5 13. Bxe6 Kxe6 14. Ng2 Ne7 15. Nb3 Bd6 16. Na5 Rab8 17. b4 Nb6 18. Rd3 Nc6 19. Bxb6 axb6 20. Nc4 Ra8 21. Nxd6 Rxa2 22. Rhd1 Ra1+ 23. Kb2 Rxd1 24. Rxd1 Rd8 25. Ne3 Rxd6 26. Rxd6+ Kxd6 27. Nd5 f5 28. f3 fxe4 29. fxe4 h5 30. Kc2 b5 31. h4 Nd8 32. Kd3 c6 33. Ne3 b6 34. c4 Ne6 35. cxb5 cxb5 36. Nd5 Nd8 37. Nxb6 Nc6 38. Nd5 1/2-1/2